Complète les paroles Tiakola (difficile) - Statistiques

Statistiques générales
  • Ce quiz a été pris 55 fois
  • Le résultat moyen est 2 sur 10
Statistiques - réponses
Hint Réponse % Correct
Question pour un trafiquant... Bonheur ou ton honneur ?
46%
Bouge-pas chéri reste un peu J’ai les contacts j’ai les trucs qui faut
33%
Defois j’veux pas réveiller ma folie... Mais si mon coeur est démoli
33%
Fini l’époque des manges-pierres... On va venir pour l’corner
28%
28° j’suis en fond d’cinquième... Les opposants sont en fin d’cycle
15%
Tiakola la général vous l’a dit... Ça va péter parce que ça doit péter
5%
Souviens, souviens toi... D’tout c’qu'on a bâti
5%
Protection métal J’montre a bae comment nettoyer
5%
Plein de projets dans la tête... Obligé d’agir en capi
3%
Beaucoup d’blessures que j’ai en moi... Y’a certaines chose qui s’oublie pas
3%
Aucun quiz correspondant
Distribution des résultats
% des personnes avec chaque résultat
Percentile par nombre de réponses
Votre historique - résultats
Vous n’avez pas pris ce quiz